00456nam a2200157Ia 4500008004100000020001400041082001600055100001900071245004400090250000700134260003900141300002800180500001900208600002100227650005000248240925s9999 xx 000 0 und d a675208459 a005.133 HOU aHouston, Jerry 0aLooking in to C: a c language text book aNA aLondon:bMerill Publishingc,1989. axiv,320p.bNAfOriginal aIncludes Index aComputer Science aComputer science, information & general works